书目信息 |
| 题名: |
雕 塑
|
|
| 作者: | 与世宏 著 | |
| 分册: | ||
| 出版信息: | 天津 天津人民美术出版社 2000.07 |
|
| 页数: | 30页 | |
| 开本: | 16开 | |
| 丛书名: | 美术专业应试指导丛书 | |
| 单 册: | ||
| 中图分类: | J31 | |
| 科图分类: | ||
| 主题词: | 雕塑--(技术)美术 | |
| 电子资源: | ||
| ISBN: | 7-5305-1262-5 | |
| 000 | 00603nam0 2200217 45 | |
| 001 | 0206170921 | |
| 005 | 20020617095535.5 | |
| 010 | @a7-5305-1262-5@d22.00元 | |
| 100 | @a20020617d2000 km y0chiy0120 ea | |
| 101 | 0 | @achi |
| 105 | @a z 000yy | |
| 200 | 1 | @a雕 塑@ADiao Su@f与世宏著@FYu Shi Hong Zhu |
| 210 | @a天津@c天津人民美术出版社@d2000.07 | |
| 215 | @a30页@d16开 | |
| 225 | @a美术专业应试指导丛书 | |
| 410 | @12001 @a美术专业应试指导丛书 | |
| 606 | 0 | @a雕塑@x(技术)美术 |
| 690 | @aJ31@v3 | |
| 701 | 0 | @a与世宏@4著 |
| 801 | @aCN@bPftUser@c20020617 | |
| 905 | @aBZT@b340708-712@dJ31@e1@f5 | |
| 雕 塑/与世宏著.-天津:天津人民美术出版社,2000.07 |
| 30页;16开.-(美术专业应试指导丛书) |
| ISBN 7-5305-1262-5:22.00元 |
| ● |
| 相关链接 |
|
|
|
正题名:雕 塑
索取号:J31/1
 
预约/预借
| 序号 | 登录号 | 条形码 | 馆藏地/架位号 | 状态 | 备注 |
| 1 | 340708 | 201169591 | 中心书库中库/ 中库018架B面7列2层12/ [索取号:J31/1] | 在馆 | |
| 2 | 340709 | 201169608 | 中心书库中库/ 中库018架B面7列2层1/ [索取号:J31/1] | 在馆 | |
| 3 | 340710 | 201169617 | 中心书库中库/ 中库018架B面7列2层2/ [索取号:J31/1] | 在馆 | |
| 4 | 340711 | 201169626 | 中心书库中库/ 中库018架B面7列2层11/ [索取号:J31/1] | 在馆 | |
| 5 | 340712 | 201169635 | 中心书库中库/ 中库018架A面5列6层49/ [索取号:J31/1] | 在馆 |